1691 1730 1968 1975 1318 1947 1196 1849 1356 1067 1629 1458 1725 1004 1532 1593 1128 1078 1819 1735 1091 1212 1155 1466 1953 1198 1352 1131 1450 1811 1189 1205 1726 1413 1337 1681 1829 1716 1955 1496 1715 1487 1352 1143 1754 1784 1358 1261 1272 1629 1822 1037 1203 1635 1935 1063 1827 1717 1170 1981 1815 1868 1754 1257 1804 1636 1196 1276 1426 1557 1042 1010 1172 1047 1587 1266 1793 1575 1264 1573 1719 1693 1882 1314 1881 1669 1491 1792 1406 1005 1868 1395 1406 1207 1802 1738 1990 1435 1400 BCNSPRNW ULIB Ver.6.0+V

เปลี่ยนเป็นภาษาไทย

Change to English
 แสดงรายละเอียดบรรณานุกรม
  กลับหน้าหลัก

Brief Record : Get Marc (ISO 2709) : E-mail record : QR code < ปิดหน้าต่าง
LEADER : 00000nam 2200000uu 4500
001    13399128449
003     ULIB
008    230829s2565||||th 000 0 tha d
020    ^a9786164685246
060 04 ^aQU145^bจ483ก
100 0  ^aจินตนา สุวิทวัส
245 10 ^aการประเมินภาวะโภชนาการ /^cโดย จินตนา สุวิทวัส
250    ^aพิมพ์ครั้งที่ 5
260    ^aขอนแก่น ;^bคณะพยาบาลศาสตร์ มหาวิทยาลัยขอนแก่น,^c2565
300    ^aฎ, 137 แผ่น :^bภาพประกอบ ;^c26 ซม.
504    ^aมีบรรณานุกรมและดัชนี
650  2 ^aNutritional Status
650  4 ^aภาวะโภชนาการ
710 2  ^aมหาวิทยาลัยขอนแก่น.^bคณะพยาบาลศาสตร์
945    ^p250^l0^i29650
945    ^p250^l0^i29651
999    ^aกัณชพร จุลอักษร
รายการนี้ยังไม่มีแท็ก
คุณยังไม่ได้ล็อกอิน คุณสามารถมีกิจกรรมร่วมกับเว็บไซต์ได้ แต่ต้องล็อกอินก่อน ::
  ล็อกอิน

รายการสื่อสารสนเทศ

ลำดับที่ ประเภท เลขเรียก/บาร์โค้ด สถานที่ สถานะ
1. หนังสือสำรอง
หนังสือสำรอง
QU145 จ483ก ฉ.1 
  Barcode: 29650
ห้องสมุดวิทยาเขตนครสวรรค์
►หนังสือทั่วไป:l:General Books
บนชั้น
2. วิทยาศาสตร์การแพทย์ และสุขภาพ
วิทยาศาสตร์การแพทย์ และสุขภาพ
QU145 จ483ก ฉ.2 
  Barcode: 29651
ห้องสมุดวิทยาเขตนครสวรรค์
►หนังสือทั่วไป:l:General Books
บนชั้น

รายการใกล้เคียง
    ผู้แต่ง [จินตนา สุวิทวัส]

    หัวเรื่อง [Nutritional Status]
    หัวเรื่อง [ภาวะโภชนาการ]

BibComment


ยังไม่เคยถูกคอมเมนท์

คอมเมนท์ทรัพยากรรายการนี้
  คอมเมนท์: การประเมินภาวะโภ..


 Copyright 2026. Bcnsprnw @Library